<?xml version="1.0" encoding="UTF-8"?>
<collection xmlns="http://www.loc.gov/MARC21/slim">
 <record>
  <leader>02750nam a2200241 a 4500</leader>
  <controlfield tag="001">1/55560</controlfield>
  <controlfield tag="008">221220s2007    gr a          000 | gre d</controlfield>
  <datafield tag="020" ind1=" " ind2=" ">
   <subfield code="a">9789608935914</subfield>
  </datafield>
  <datafield tag="040" ind1=" " ind2=" ">
   <subfield code="a">GR-PeUP</subfield>
  </datafield>
  <datafield tag="082" ind1="0" ind2="0">
   <subfield code="a">370.117 ΙΕΡ</subfield>
  </datafield>
  <datafield tag="111" ind1="2" ind2=" ">
   <subfield code="a">Ιερά Αρχιεπισκοπή Αθηνών. Γραφείο Νεότητος Συνέδριο (2005 Ιανουάριος 28-29) Αθήνα).</subfield>
  </datafield>
  <datafield tag="245" ind1="0" ind2="0">
   <subfield code="a">Πολυπολιτισμικότητα και εκπαίδευση στον καιρό της παγκοσμιοποίησης :</subfield>
   <subfield code="b">πρακτικά συνεδρίου, 28-29 Ιανουαρίου 2005 / </subfield>
   <subfield code="c">Ιερά Αρχιεπισκοπή Αθηνών, Γραφείο Νεότητος / Υπουργείο Εθνικής Παιδείας και Θρησκευμάτων, Παιδαγωγικό Ινστιτούτο.</subfield>
  </datafield>
  <datafield tag="260" ind1=" " ind2=" ">
   <subfield code="a">Αθήνα : </subfield>
   <subfield code="b">Γραφείο Ιδρύματος Νεότητος Ιεράς Αρχιεπισκοπής Αθηνών,</subfield>
   <subfield code="c">2007.</subfield>
  </datafield>
  <datafield tag="300" ind1=" " ind2=" ">
   <subfield code="a">217 σ. ;</subfield>
   <subfield code="c">24 εκ.</subfield>
  </datafield>
  <datafield tag="500" ind1=" " ind2=" ">
   <subfield code="a">Περιλαμβάνει παράρτημα (σ. 203).</subfield>
  </datafield>
  <datafield tag="500" ind1=" " ind2=" ">
   <subfield code="a">Περιεχόμενα: Παγκοσμιοποίηση, μετανεωτερικότητα, πολυπολιτισμικότητα / Αντώνιος Παπαντωνίου -- Στοχασμοί με αφορμή τη γιορτή των Τριών Ιεραρχών / Πρωτοπρεσβύτερος Βασίλειος Θερμός -- Η ορθόδοξη εκκλησία μπροστά στην πρόκληση του πλουραλισμού και της μετανεωτερικότητας / Πέτρος Βασιλειάδης -- Προσεγγίζοντας το θέμα των πολιτικών πολυπολιτισμικότητας στην Ελλάδα - Ένα παράδειγμα απο τη Θράκη / Βασιλική Γιακουμάκη -- Διδάσκοντας γύπτους και τσελέπηδες περί περιτομής και αβατάρα ή ο Θεός μου ο αλλοδαπός / Θανάσης Ν. Παπαθανασίου -- O διάλογος των πολιτισμών στην εκπαίδευση - Το παράδειγμα της Ιστορίας / TΑναστασία Κυρκίνη-Κούτουλα.</subfield>
  </datafield>
  <datafield tag="650" ind1=" " ind2="0">
   <subfield code="a">Multicultural education</subfield>
   <subfield code="x">Congresses.</subfield>
  </datafield>
  <datafield tag="650" ind1=" " ind2="0">
   <subfield code="a">Education </subfield>
   <subfield code="x">Social aspects</subfield>
   <subfield code="x">Congresses.</subfield>
  </datafield>
  <datafield tag="650" ind1=" " ind2="4">
   <subfield code="a">Πολυπολιτισμική εκπαίδευση</subfield>
   <subfield code="x">Συνέδρια.</subfield>
  </datafield>
  <datafield tag="650" ind1=" " ind2="4">
   <subfield code="a">Πλουραλισμός.</subfield>
  </datafield>
  <datafield tag="710" ind1="2" ind2=" ">
   <subfield code="a">Ελλάδα. Υπουργείο Εθνικής Παιδείας και Θρησκευμάτων. Παιδαγωγικό Ινστιτούτο.</subfield>
  </datafield>
  <datafield tag="852" ind1=" " ind2=" ">
   <subfield code="a">INST</subfield>
   <subfield code="b">UNIPILB</subfield>
   <subfield code="c">MAIN</subfield>
   <subfield code="e">20221220</subfield>
   <subfield code="h">370.117 ΙΕΡ</subfield>
   <subfield code="p">00187729</subfield>
   <subfield code="q">00187729</subfield>
   <subfield code="t">MAIN</subfield>
   <subfield code="y">0</subfield>
   <subfield code="4">1</subfield>
  </datafield>
  <datafield tag="960" ind1=" " ind2=" ">
   <subfield code="a">ΑΛΜΠΑΝΗ ΤΑΝΙΑ</subfield>
  </datafield>
 </record>
</collection>
